000 01172cam a22003377a 4500
003 CHAP
005 20220329142837.0
008 040806d2004 mx r 00110 spa d
010 _a88614
011 _a89586
035 _a100137
040 _cCHAP
090 _aTesis
100 0 0 _aFlores Peralta, Irma Reina
_941679
245 1 0 _aIntensidad de raleo y fotosíntesis en durazno (Prunus persica (L.) Batsch.) 'Oro B' y CP 91-16C
_c/por Irma Reina Flores Peralta
260 _aMontecilloo, Méx. :
_bEl autor,
_c2004.
300 _a77 h. ;
_bgráfs.
502 _aTesis (M.C.) -- CP. Instituto de Recursos Genéticos y Productividad. Programa de Fruticultura
590 _aALEPH
_b10
_c20130110
_lUCH01
_h1459
590 _aBATCH-UPD
_b10
_c20130110
_lUCH01
_h0418
590 _aBATCH-UPD
_b10
_c20130410
_lUCH01
_h0052
590 _aBATCH-UPD
_b10
_c20130913
_lUCH01
_h1911
590 _aCONVERSION
_b10
_c20130109
_lUCH01
_h1349
650 1 4 _aAclareos.
_9615
650 1 4 _aDurazno
_xCalidad.
_934580
650 1 4 _aFotosíntesis.
_942737
901 _aBK
905 _aAlejandra carrasco M.
942 _cTESIS
949 _aTesis
_bBC
_cTES
_d1001371
_eTS1
_h42254
_i100137
_sb
999 _c88614
_d88614